[Event "Eastern op 46th"]
[Site "Tysons"]
[Date "2019.12.27"]
[Round "1"]
[White "Jay, Neel"]
[Black "Samant, Neil"]
[Result "1/2-1/2"]
[WhiteElo "1796"]
[BlackElo "1764"]
[PlyCount "54"]
[EventDate "2019.12.27"]
[EventType "swiss"]
[EventRounds "7"]
[EventCountry "USA"]
[SourceTitle "CBM 194 Extra"]
[Source "ChessBase"]
[SourceDate "2020.03.31"]
[SourceVersion "1"]
[SourceVersionDate "2020.03.31"]
[SourceQuality "1"]

1. e4 e5 2. Nf3 Nc6 3. Bb5 a6 4. Ba4 Nf6 5. 0-0 Be7 6. d3 b5 7. Bb3 d6 8. a3 0-0 9. Nc3 Nd4 10. Nxd4 exd4 11. Nd5 Be6 12. Nxe7+ Qxe7 13. c3 dxc3 14. bxc3 Bxb3 15. Qxb3 h6 16. h3 Rfe8 17. Be3 c6 18. Rfe1 Qd7 19. a4 c5 20. f4 c4 21. dxc4 bxc4 22. Qxc4 Rxe4 23. Qd3 Rxa4 24. Rxa4 Qxa4 25. Qxd6 Re8 26. Bf2 Rxe1+ 27. Bxe1 Qc4 1/2-1/2